000 00928cab a2200253 4500
001 WB3240-01
008 090401t1996 xxu||||| |||| 00| 0 eng d
035 _a(Sirsi) u33775
041 _aeng
245 _aDisputes over arbitration
260 _c1996
350 _a0
490 _aConstruction News
_v(6488) 24 October 1996, 12-13(2)
520 _aRecent case law has involved disputes over whether an arbitration clause exists within a building contract.
650 _aARBITRATION CLAUSES
650 _aBEN BARRATT & SON V HENRY BOOT MANAGEMENT
650 _aCO-OPERATIVE WHOLESALE SOCIETY V SAUNDERS AND TAYLOR
650 _aCONTRACT CLAIMS
650 _aDISPUTE RESOLUTION
_96236
650 _aEXTRUDAKERB (MALTBY ENGINEERING) V WHITE MOUNTAIN QUARRIES
690 _aMANAGEMENT-DISPUTE AVOIDANCE, MANAGEMENT AND RESOLUTION-DISPUTE MANAGEMENT AND RESOLUTION-ARBITRATION
942 _n0
948 _c04/03/1997
999 _c22496
_d22496